Trauma y reparación : (Registro nro. 114920)

MARC details
000 -LÍDER
campo de control de logitud fija 01061camca2200349Ia 4500
001 - NÚMERO DE CONTROL
control field u263034
003 - IDENTIFICADOR DEL NÚMERO DE CONTROL
campo de control SIRSI
005 - FECHA Y HORA DE LA ULTIMA TRANSACCIÓN
campo de control 20160811191551.0
008 - ELEMENTOS DE LONGITUD FIJA -- INFORMACIÓN GENERAL
campo de control de longitud fija 030408s2000 sp b 000 0 spa d
040 ## - FUENTE DE CATALOGACION
Agencia de catalogación original DQ
Agencia que realiza la transcripción DQ
Agencia que realiza la modificación PL#
-- OCLCQ
019 ## -
-- 45246877
020 ## - NÚMERO INTERNACIONAL NORMALIZADO PARA LIBROS
Número Internacional Normalizado del libro 84-493-0899-2
020 ## - NÚMERO INTERNACIONAL NORMALIZADO PARA LIBROS
Número Internacional Normalizado del libro 9788449308994
041 1# - CÓDIGO DE IDIOMA
Código de idioma para texto/pista de sonido o título separado spa
Código de idioma de la versión original y/o traducciones intermedias del texto ita
050 #4 - SIGNATURA TOPOGRÁFICA DE LA BIBLIOTECA DEL CONGRESO
Classification number HV6570 M3518 2000
049 ## - LOCAL HOLDINGS (OCLC)
Holding library UABM
100 1# - ASIENTO PRINCIPAL--NOMBRE PERSONAL
Personal name Malacrea, Marinella.
245 10 - MENCIÓN DE TITULO
Title Trauma y reparación :
Remainder of title el tratamiento del abuso sexual en la infancia /
Statement of responsibility, etc. Marinella Malacrea ; tr. Juan Carlos Gentile Vitale.
260 ## - PUBLICACION, DISTRIBUCION, ETC.
Place of publication, distribution, etc. Barcelona :
Name of publisher, distributor, etc. Paidós,
Date of publication, distribution, etc. 2000.
300 ## - DESCRIPCIÓN FÍSICA
Extent 254 p. ;
Dimensions 22 cm.
490 0# - MENCIÓN DE SERIE
Series statement Terapia familiar ;
Volume/sequential designation 79
500 ## - NOTA GENERAL
General note Tít. orig. : Trauma e riparazione.
504 ## - NOTA DE BIBLIOGRAFÍA, ETC.
Bibliography, etc Bibliografía: p. 251-254.
596 ## -
-- 8 12 24
690 #4 - CAMPO LOCAL DE ACCESO TEMÁTICO
Topical term or geographic name as entry element Niños
General subdivision Abuso sexual.
690 #4 - CAMPO LOCAL DE ACCESO TEMÁTICO
Topical term or geographic name as entry element Niños maltratados.
653 ## - TERMINO DE INDIZACIÓN - NO CONTROLADO
Uncontrolled term Niños maltratados.
653 ## - TERMINO DE INDIZACIÓN - NO CONTROLADO
Uncontrolled term Niños
-- Abuso sexual.
700 1# - ASIENTO SECUNDARIO - NOMBRE PERSONAL
Personal name Gentile Vitale, Juan Carlos,
Relator term tr.
942 ## - TIPO DE MATERIAL (KOHA)
Koha item type Libro
Existencias
Estado de retiro Fuente de clasificación Colección Ubicación permanente Ubicación actual Fecha de ingreso Precio Total Checkouts Signatura topográfica Código de barras Date last seen Date last checked out Número de copia Tipo de material Categoría 1 de ítem Categoría 2 de ítem Total Renewals
    Acervo General Facultad de Ciencias Administrativas, Sociales e Ingeniería (Guadalupe Victoria) Facultad de Ciencias Administrativas, Sociales e Ingeniería (Guadalupe Victoria) 18/06/2024 300.00   HV6570 M3518 2000 GPE004987 21/01/2019   1 Libro MONOGRAFIA COMPRA  
    Acervo General Facultad de Ciencias Administrativas, Sociales e Ingeniería (Guadalupe Victoria) Facultad de Ciencias Administrativas, Sociales e Ingeniería (Guadalupe Victoria) 18/06/2024 300.00 2 HV6570 M3518 2000 GPE004988 18/03/2020 04/03/2020 2 Libro MONOGRAFIA COMPRA  
    Acervo General Facultad de Ciencias Humanas Facultad de Ciencias Humanas 10/01/2023 234.60 2 HV6570 M3518 HUM024123 17/01/2023 10/01/2023 1 Libro LIBROTEXTO COMPRA  
    Acervo General Facultad de Ciencias Humanas Facultad de Ciencias Humanas 17/01/2023 294.95 1 HV6570 M3518 HUM025302 03/02/2023 17/01/2023 2 Libro LIBROTEXTO COMPRA 1
    Acervo General Facultad de Medicina y Nutrición Facultad de Medicina y Nutrición 03/07/2024 294.95   HV6570 M3518 MED009890 10/08/2018   1 Libro LIBROTEXTO COMPRA  

Con tecnología Koha